Hardcore Visual Basic /

The spirit of Basic; The second level of Basic enlightenment; Basic tolls the Old-Fashioned way; An object way of Basic; Taking control of Windows; Painting pictures; A handle on data; Don't write the same code twice; Stir-fry; The Ole gospel; The new frontier.

שמור ב:
מידע ביבליוגרפי
מחבר ראשי: McKinney, Bruce, 1953-.
פורמט: ספר
שפה:English
יצא לאור: Redmond, Wash. : Microsoft Press, 1995.
סדרה:Microsoft programming series.
נושאים:
תגים: הוספת תג
אין תגיות, היה/י הראשונ/ה לתייג את הרשומה!
Thư viện lưu trữ: Mạng thư viện Đại học Đà Nẵng
LEADER 01460cam a2200385 a 4500
001 000044944
003 4052
005 20060530094325.0
008 010220b1995 vm 000 eng
020 |a 1556156677 
040 |a LRC  |c LRC  |d LRC 
041 0 |a eng 
082 1 4 |a 005.265  |2 20  |b MC-B 
100 1 |a McKinney, Bruce,  |d 1953-. 
245 1 0 |a Hardcore Visual Basic /  |c Bruce McKinney. 
260 |a Redmond, Wash. :  |b Microsoft Press,  |c 1995. 
300 |a xxxvi, 622 p. ;  |c 23.5 cm. 
440 0 |a Microsoft programming series. 
500 |a Covers version 4. 
520 3 |a The spirit of Basic; The second level of Basic enlightenment; Basic tolls the Old-Fashioned way; An object way of Basic; Taking control of Windows; Painting pictures; A handle on data; Don't write the same code twice; Stir-fry; The Ole gospel; The new frontier. 
630 0 4 |a Computers. 
650 0 4 |a Microsoft Visual BASIC. 
650 0 4 |a BASIC (Computer program language) 
OWN |a DUT 
AVA |a UDN50  |b DUT  |c Book  |d 005.265 MC-B  |e available  |t Error 5001 Not defined in file expand_doc_bib_avail.  |f 1  |g 0  |h N  |i 0  |j SH  |k 1 
999 |a From the UDN01 
AVA |a UDN50  |b DUT  |c Book  |d 005.265 MC-B  |e available  |t Error 5001 Not defined in file expand_doc_bib_avail.  |f 1  |g 0  |h N  |i 0  |j SH  |k 1 
TYP |a Monograph 
TYP |a Printed language 
980 |a Mạng thư viện Đại học Đà Nẵng